| 000 | 00577nam a2200217 a 4500 | ||
|---|---|---|---|
| 001 | BRCA_7084 | ||
| 005 | 20190321142934.0 | ||
| 008 | 081211s1912----gw-a######---#000-0#ger-# | ||
| 041 | _ager | ||
| 044 | _agw | ||
| 050 | 4 | _b.S56 1912 | |
| 245 | 1 | 0 | _aSimplicissimus Kalender für 1912 |
| 260 |
_aMúnich _bAlbert Langen _c[1912] |
||
| 300 |
_a112 p. _bil. _c19 cm. |
||
| 500 | _aEstado físico: lomo y cubiertas rotos. | ||
| 500 | _aRevista inventariada por Banco de México como libro | ||
| 500 | _aO79 | ||
| 650 | 1 | 4 |
_aCalendario _917610 |
| 902 | _aGFM | ||
| 942 |
_2lcc _cB |
||
| 999 |
_c6765 _d6765 |
||